[Event "GER-chT U20"]
[Site "Osnabrueck"]
[Date "2015.12.28"]
[Round "3.6"]
[White "Pacius, Max"]
[Black "Herter, Leonhard"]
[Result "0-1"]
[WhiteElo "1190"]
[BlackElo "1260"]
[PlyCount "38"]
[EventDate "2015.12.27"]
[EventType "team-swiss"]
[EventRounds "7"]
[EventCountry "GER"]
[SourceTitle "EXT 2017"]
[Source "ChessBase"]
[SourceDate "2016.10.25"]
[SourceVersion "1"]
[SourceVersionDate "2016.10.25"]
[SourceQuality "1"]
[WhiteTeam "Eppingen"]
[BlackTeam "Forchheim"]
[WhiteTeamCountry "GER"]
[BlackTeamCountry "GER"]

1. e4 e6 2. d4 d5 3. Nc3 h6 4. Nf3 Nf6 5. Bd3 Bb4 6. exd5 Nxd5 7. Bd2 Nxc3 8. bxc3 Be7 9. 0-0 Nc6 10. Re1 b6 11. Bf4 Bb7 12. Be4 Bd6 13. Bd2 Qf6 14. Rb1 0-0-0 15. Bd3 Rdg8 16. Rb3 Na5 17. Rb2 Bxf3 18. Qxf3 Qxf3 19. gxf3 g5 0-1